Consultants file 2006 (Record no. 104907)

MARC details
000 -LEADER
fixed length control field 00991cam a2200205 4500
001 - CONTROL NUMBER
control field ##L131929
008 - FIXED-LENGTH DATA ELEMENTS--GENERAL INFORMATION
fixed length control field 051216n2006 000 0 eng u
035 ## - SYSTEM CONTROL NUMBER
System control number (Sirsi) u131929
041 0# - LANGUAGE CODE
Language code of text/sound track or separate title eng
110 20 - MAIN ENTRY--CORPORATE NAME
Corporate name or jurisdiction name as entry element New Civil Engineer
9 (RLIN) 566
240 00 - UNIFORM TITLE
Uniform title NCE consultants file 2006
245 00 - TITLE STATEMENT
Title Consultants file 2006
260 ## - PUBLICATION, DISTRIBUTION, ETC.
Place of publication, distribution, etc. London
Name of publisher, distributor, etc. EMAP
Date of publication, distribution, etc. 2006
520 ## - SUMMARY, ETC.
Summary, etc. Online version of the latest NCE consultants file, the annual guide to UK based civil and structural engineering consultancies. Provides a table of the top 100 firms ranked by number of staff and subsequent tables ranked by categories of engineering (building, environment, flooding, geotechnics, manufacturing, ports, power,public sector, rail, roads, transport; waste, and water).
650 24 - SUBJECT ADDED ENTRY--TOPICAL TERM
Topical term or geographic name entry element NCE CONSULTANTS FILE 2006
651 #4 - SUBJECT ADDED ENTRY--GEOGRAPHIC NAME
Geographic name United Kingdom
Chronological subdivision
690 ## - LOCAL SUBJECT ADDED ENTRY--TOPICAL TERM (OCLC, RLIN)
Topical term or geographic name as entry element BUILT ENVIRONMENT-ENGINEERING-CIVIL ENGINEERING
856 48 - ELECTRONIC LOCATION AND ACCESS
Uniform Resource Identifier <a href="https://www.nceplus.co.uk">https://www.nceplus.co.uk</a>
Public note View the item free of charge at www.nceplus.co.uk...
942 ## - ADDED ENTRY ELEMENTS (KOHA)
Suppress in OPAC 0
Holdings
Withdrawn status Lost status Source of classification or shelving scheme Damaged status Not for loan Home library Current library Shelving location Date acquired Total Checkouts Full call number Barcode Date last seen Copy number Price effective from Koha item type
    Dewey Decimal Classification     Virtual Virtual Online 16/12/2005   ONLINE PUBLICATION 131929-2001 06/08/2019 1 06/08/2019 Book